Statistics for guess flag name

Click here to take the quiz!

General Stats

  • This quiz has been taken 10 times
  • The average score is 14 of 16

Answer Stats

Answer% Correct
cuba
100%
kenya
100%
liberia
100%
malta
100%
uruguay
100%
vatican
100%
algeria
90%
bangladesh
90%
togo
90%
yemen
90%
brunei
80%
kuwait
80%
laos
80%
nauru
80%
tuvalu
80%
uzbekistan
80%

Score Distribution

Percentile by Number Answered

Percent of People with Each Score

Your Score History

You have not taken this quiz